| 000 | 00535nam a22001817a 4500 | ||
|---|---|---|---|
| 003 | CEME | ||
| 005 | 20210628203131.0 | ||
| 008 | 210222b xxu||||| |||| 00| 0 eng d | ||
| 020 | _a0-07-113022-5 | ||
| 040 | _c. | ||
| 082 | _a620 ENG | ||
| 100 |
_aEide, Arvid. R, Jenison, Roland. D, Mashaw, Lane. H _963513 |
||
| 245 | _aEngineering fundamentals and problems solving | ||
| 260 |
_aNEW YORK _bMCGRAW HILL _c2002 |
||
| 300 | _aXIV,524P | ||
| 650 |
_aENGINEERING EXCERCIES ,PROBLEMS AND THEIR SOLUTIONS _963514 |
||
| 942 |
_cBK _2ddc |
||
| 999 |
_c572312 _d572312 |
||